[Event "Glasgow Open"]
[Site "Glasgow"]
[Date "1978.09.22"]
[Round "1"]
[White "Pritchett, Craig William"]
[Black "Dick, James Watson"]
[Result "1-0"]
[WhiteElo "2400"]
[BlackElo "2000"]
[PlyCount "81"]
[EventDate "1978.09.22"]
[EventType "swiss"]
[EventRounds "6"]
[EventCountry "SCO"]
[SourceTitle "BritBase"]
[Source "Alistair Maxwel"]
[SourceDate "2025.11.13"]
[SourceVersion "1"]
[SourceVersionDate "2025.11.13"]
[SourceQuality "1"]

1. e4 e6 2. d4 d5 3. Nc3 Bb4 4. e5 c5 5. a3 Bxc3+ 6. bxc3 Qc7 7. Nf3 Ne7 8. a4 b6 9. Bb5+ Bd7 10. Bd3 Nbc6 11. O-O h6 12. Ba3 Na5 13. Nd2 O-O 14. dxc5 bxc5 15. Nb3 Nxb3 16. cxb3 f6 17. exf6 Rxf6 18. b4 e5 19. bxc5 e4 20. Bb5 Be6 21. c4 d4 22. Qxd4 Rd8 23. Qxe4 Bf5 24. Qe3 Rd3 25. Qe2 Re6 26. Qb2 Rg6 27. Rfd1 Rh3 28. Rd6 Nc8 29. Qe5 Nxd6 30. cxd6 Qb7 31. Qd5+ Qxd5 32. cxd5 Rxa3 33. Rxa3 Rxd6 34. Rc3 Kf8 35. Bc6 Ke7 36. Re3+ Kf6 37. h3 Bd7 38. Bxd7 Rxd7 39. Re6+ Kf5 40. g4+ Kf4 41. d6 1-0

[Event "Glasgow Open"]
[Site "Glasgow"]
[Date "1978.09.22"]
[Round "1"]
[White "Grant, Alan G"]
[Black "Swanson, Stephen"]
[Result "0-1"]
[WhiteElo "1985"]
[BlackElo "2355"]
[PlyCount "75"]
[EventDate "1978.09.22"]
[EventType "swiss"]
[EventRounds "6"]
[EventCountry "SCO"]
[SourceTitle "BritBase"]
[Source "Alistair Maxwel"]
[SourceDate "2025.11.13"]
[SourceVersion "1"]
[SourceVersionDate "2025.11.13"]
[SourceQuality "1"]

1. d4 d6 2. e4 g6 3. Nc3 Bg7 4. Nf3 Nf6 5. h3 O-O 6. Be3 Nc6 7. Qd2 e5 8. dxe5 Nxe5 9. Nxe5 dxe5 10. Bd3 Qe7 11. O-O Be6 12. Bg5 c6 13. a4 a5 14. g4 Qc7 15. f4 Qb6+ 16. Kg2 exf4 17. Bxf4 Nd7 18. Rab1 Ne5 19. Bh6 Bxh6 20. Qxh6 Rad8 21. Rfd1 Bc4 22. Bxc4 Nxc4 23. Rd3 Rxd3 24. cxd3 Ne5 25. Rd1 Rd8 26. d4 Rxd4 27. Rxd4 Qxd4 28. Qf4 Nc4 29. g5 Nxb2 30. Ne2 Qd8 31. h4 Nd3 32. Qd2 Qd7 33. Ng3 Qd4 34. h5 Qb2 35. Qxb2 Nxb2 36. h6 Nxa4 37. e5 Nc3 38. Nh1 0-1

[Event "Glasgow Open"]
[Site "Glasgow"]
[Date "1978.09.22"]
[Round "1"]
[White "McKay, Roderick McIntosh"]
[Black "Mayze, CJ."]
[Result "1-0"]
[WhiteElo "2335"]
[BlackElo "1970"]
[PlyCount "75"]
[EventDate "1978.09.22"]
[EventType "swiss"]
[EventRounds "6"]
[EventCountry "SCO"]
[SourceTitle "BritBase"]
[Source "Alistair Maxwel"]
[SourceDate "2025.11.13"]
[SourceVersion "1"]
[SourceVersionDate "2025.11.13"]
[SourceQuality "1"]

1. g3 Nf6 2. Bg2 g6 3. e4 d6 4. c4 Bg7 5. Nc3 O-O 6. Nge2 e5 7. d3 c6 8. O-O Ne8 9. Rb1 Be6 10. b4 Qd7 11. b5 f5 12. exf5 gxf5 13. f4 Nf6 14. Qc2 Qc7 15. Kh1 Nbd7 16. Be3 c5 17. Nd5 Bxd5 18. cxd5 Ng4 19. Bg1 Rae8 20. fxe5 dxe5 21. d4 exd4 22. Nxd4 Bxd4 23. Bxd4 Qd6 24. Bg1 Re5 25. Rbe1 b6 26. Rxe5 Qxe5 27. Qd2 Qf6 28. Re1 Nge5 29. Rf1 Qg6 30. Qf4 Kg7 31. Be3 h6 32. Bd2 Kh7 33. Bc3 Ng4 34. Re1 Ndf6 35. Re7+ Rf7 36. Re6 Kg7 37. h3 Qh5 38. Kg1 1-0

[Event "Glasgow Open"]
[Site "Glasgow"]
[Date "1978.09.22"]
[Round "1"]
[White "Morrison, Graham"]
[Black "Craig, Tom James"]
[Result "1-0"]
[WhiteElo "2230"]
[BlackElo "1960"]
[PlyCount "101"]
[EventDate "1978.09.22"]
[EventType "swiss"]
[EventRounds "6"]
[EventCountry "SCO"]
[SourceTitle "BritBase"]
[Source "Alistair Maxwel"]
[SourceDate "2025.11.13"]
[SourceVersion "1"]
[SourceVersionDate "2025.11.13"]
[SourceQuality "1"]

1. c4 e5 2. Nc3 d6 3. d4 c6 4. dxe5 dxe5 5. Qxd8+ Kxd8 6. Nf3 f6 7. g3 Be6 8. b3 Nd7 9. Bg2 a5 10. O-O Kc7 11. Bb2 Nh6 12. Rac1 Bc5 13. Ne4 Be7 14. Rfd1 Nf7 15. Nc3 Kb8 16. Ne1 Re8 17. Nd3 Nc5 18. Nxc5 Bxc5 19. Na4 Be7 20. Bc3 Bb4 21. Bxb4 axb4 22. Rc2 Kc7 23. Nc5 b6 24. Nd3 Rad8 25. c5 b5 26. Rcd2 Bd5 27. Nxb4 Bxg2 28. Kxg2 Rxd2 29. Rxd2 Rd8 30. Rxd8 Nxd8 31. Nc2 Kd7 32. Kf3 f5 33. Ke3 Ne6 34. b4 Nc7 35. Kd3 Ke6 36. Kc3 Nd5+ 37. Kb3 f4 38. a4 bxa4+ 39. Kxa4 Nc3+ 40. Ka5 fxg3 41. hxg3 Nxe2 42. Kb6 Nd4 43. Nxd4+ exd4 44. b5 d3 45. bxc6 d2 46. c7 d1=Q 47. c8=Q+ Kf6 48. Qf8+ Ke6 49. Qxg7 Qb3+ 50. Kc7 Qa4 51. Qh6+ 1-0

[Event "Glasgow Open"]
[Site "Glasgow"]
[Date "1978.09.22"]
[Round "1"]
[White "Giulian, Philip Maurice"]
[Black "Quinn, David"]
[Result "1/2-1/2"]
[WhiteElo "2160"]
[BlackElo "1950"]
[PlyCount "74"]
[EventDate "1978.09.22"]
[EventType "swiss"]
[EventRounds "6"]
[EventCountry "SCO"]
[SourceTitle "BritBase"]
[Source "Alistair Maxwel"]
[SourceDate "2025.11.13"]
[SourceVersion "1"]
[SourceVersionDate "2025.11.13"]
[SourceQuality "1"]

1. d4 Nf6 2. c4 e6 3. Nc3 Bb4 4. g3 O-O 5. Bg2 d5 6. Nf3 dxc4 7. O-O c5 8. dxc5 Nbd7 9. c6 Nb6 10. Ne5 Nfd5 11. Nxd5 exd5 12. Be3 Bd6 13. Bxb6 axb6 14. cxb7 Bxb7 15. Nxc4 Bc5 16. Ne5 Re8 17. Nd3 Bd6 18. e3 Ra5 19. a4 Qe7 20. Qb3 Rea8 21. Qxb6 Rxa4 22. Rxa4 Rxa4 23. Qb5 Ra7 24. Bxd5 Ba6 25. Qb3 Bxd3 26. Qxd3 Be5 27. Rc1 g5 28. Rc8+ Kg7 29. Qf5 Qf6 30. Qxf6+ Bxf6 31. b4 Be5 32. b5 Ra1+ 33. Kg2 Rb1 34. Bc6 Rb2 35. Ra8 Bd6 36. Ra7 Bc5 37. Ra1 Bxe3 1/2-1/2

[Event "Glasgow Open"]
[Site "Glasgow"]
[Date "1978.09.22"]
[Round "1"]
[White "Lumsden, James PL"]
[Black "Condie, Mark L"]
[Result "0-1"]
[WhiteElo "2140"]
[BlackElo "1930"]
[PlyCount "116"]
[EventDate "1978.09.22"]
[EventType "swiss"]
[EventRounds "6"]
[EventCountry "SCO"]
[SourceTitle "BritBase"]
[Source "Alistair Maxwel"]
[SourceDate "2025.11.13"]
[SourceVersion "1"]
[SourceVersionDate "2025.11.13"]
[SourceQuality "1"]

1. c4 Nf6 2. Nc3 c5 3. Nf3 Nc6 4. d4 cxd4 5. Nxd4 e6 6. Bg5 Be7 7. Ndb5 O-O 8. e3 Qa5 9. a3 d5 10. b4 Qd8 11. c5 a6 12. Nd4 e5 13. Nf3 Be6 14. Be2 b6 15. cxb6 Qxb6 16. Na4 Qb7 17. O-O Nd7 18. Bxe7 Nxe7 19. Rc1 Rac8 20. Qd2 Rc6 21. Qb2 Rfc8 22. Nd2 Qc7 23. Rxc6 Qxc6 24. Nc5 Nxc5 25. bxc5 Qxc5 26. Bxa6 Ra8 27. Qb7 Qa7 28. Qxa7 Rxa7 29. Bb5 Rxa3 30. Rc1 g6 31. Kf1 d4 32. exd4 exd4 33. Nf3 d3 34. Rd1 Nd5 35. Bxd3 Nf4 36. Bb5 Bd5 37. Ne1 Be6 38. Rd8+ Kg7 39. Bc6 Bc4+ 40. Kg1 Ra1 41. Re8 Ne6 42. h4 Rxe1+ 43. Kh2 Re2 44. Kg3 Nd4 45. Rxe2 Nxe2+ 46. Kh2 Nf4 47. g3 Nd3 48. Kg1 Kf6 49. Bf3 h5 50. Bd1 Kf5 51. Bc2 Ke4 52. Kf1 Kd4 53. Kg1 Kc3 54. Ba4 Kd2 55. Bc6 Ke2 56. f4 Be6 57. Kg2 Nb4 58. Bb5+ Ke3 0-1

[Event "Glasgow Open"]
[Site "Glasgow"]
[Date "1978.09.22"]
[Round "1"]
[White "Springham, S."]
[Black "Scrimgour, Alan"]
[Result "0-1"]
[WhiteElo "1915"]
[BlackElo "2105"]
[PlyCount "88"]
[EventDate "1978.09.22"]
[EventType "swiss"]
[EventRounds "6"]
[EventCountry "SCO"]
[SourceTitle "BritBase"]
[Source "Alistair Maxwel"]
[SourceDate "2025.11.13"]
[SourceVersion "1"]
[SourceVersionDate "2025.11.13"]
[SourceQuality "1"]

1. e4 c5 2. Nf3 d6 3. d4 cxd4 4. Nxd4 Nf6 5. Nc3 a6 6. Bc4 e6 7. Bb3 Be7 8. f4 b5 9. e5 dxe5 10. fxe5 Nfd7 11. Bxe6 Nxe5 12. Bd5 Bg4 13. Qd2 Ra7 14. Qe3 Bh4+ 15. g3 Re7 16. O-O b4 17. Nf5 Bxf5 18. Rxf5 Bf6 19. Rxf6 gxf6 20. Ne4 Rd7 21. Qf4 Rxd5 22. Nxf6+ Ke7 23. Nxd5+ Qxd5 24. Qxb4+ Ke6 25. Bh6 Nbc6 26. Qf4 Nd4 27. Kf2 Nxc2 28. Kg1 Nxa1 29. Bg7 Rd8 30. Qf6+ Kd7 31. Qxa6 Ke8 32. Qa4+ Nd7 33. Qf4 Nc2 34. Qc1 Rc8 35. Bc3 Nd4 36. Qe1+ Ne6 37. Qe2 Rxc3 38. bxc3 Ne5 39. a4 Ng5 40. c4 Ngf3+ 41. Kf2 Qd4+ 42. Kg2 Qxc4 43. Qd1 Nd4 44. Qd2 Qe2+ 0-1

[Event "Glasgow Open"]
[Site "Glasgow"]
[Date "1978.09.22"]
[Round "1"]
[White "Bryson, Douglas Marshall"]
[Black "Borland, Thomas E"]
[Result "1-0"]
[WhiteElo "2100"]
[BlackElo "1910"]
[PlyCount "47"]
[EventDate "1978.09.22"]
[EventType "swiss"]
[EventRounds "6"]
[EventCountry "SCO"]
[SourceTitle "BritBase"]
[Source "Alistair Maxwel"]
[SourceDate "2025.11.13"]
[SourceVersion "1"]
[SourceVersionDate "2025.11.13"]
[SourceQuality "1"]

1. e4 e6 2. d4 d5 3. Nc3 Bb4 4. e5 Qd7 5. a3 Bxc3+ 6. bxc3 b6 7. Nf3 Ba6 8. Bxa6 Nxa6 9. Qe2 Nb8 10. O-O Nc6 11. c4 dxc4 12. Qxc4 Nge7 13. Bb2 Na5 14. Qe2 Qa4 15. Qe4 Nd5 16. Nd2 c5 17. dxc5 Qxe4 18. Nxe4 bxc5 19. Nxc5 Nc4 20. Bd4 Rc8 21. Rfb1 O-O 22. Rb7 Nxe5 23. Bxe5 Rxc5 24. Bd6 1-0

[Event "Glasgow Open"]
[Site "Glasgow"]
[Date "1978.09.22"]
[Round "1"]
[White "Kilgour, Brian"]
[Black "Moultrie, George B"]
[Result "0-1"]
[WhiteElo "1905"]
[BlackElo "2095"]
[PlyCount "102"]
[EventDate "1978.09.22"]
[EventType "swiss"]
[EventRounds "6"]
[EventCountry "SCO"]
[SourceTitle "BritBase"]
[Source "Alistair Maxwel"]
[SourceDate "2025.11.13"]
[SourceVersion "1"]
[SourceVersionDate "2025.11.13"]
[SourceQuality "1"]

1. e4 e6 2. d4 d5 3. exd5 exd5 4. Bf4 Nc6 5. c3 Bf5 6. Bd3 Bxd3 7. Qxd3 Bd6 8. Bg3 Nge7 9. Nd2 Qd7 10. Ngf3 O-O-O 11. O-O-O f6 12. Rhe1 Kb8 13. Re2 Nc8 14. Rde1 Nb6 15. Bxd6 cxd6 16. h3 Rc8 17. Kb1 Rc7 18. Nh2 a6 19. Nhf1 Rhc8 20. Qxh7 Na4 21. Nb3 Na7 22. Re3 Nb5 23. Rc1 Qc6 24. Qd3 Qb6 25. Qd2 a5 26. Ka1 Qa6 27. Ng3 Nb6 28. Qe2 Nc4 29. Re8 Rxe8 30. Qxe8+ Rc8 31. Qe2 a4 32. Nd2 Na5 33. Nf5 Nb3+ 34. Nxb3 axb3 35. a3 Qa4 36. Qd2 Rc6 37. Kb1 Rb6 38. Re1 Nxa3+ 39. bxa3 b2 40. Qd1 Qxa3 41. Nxg7 Qa1+ 42. Kc2 b1=Q+ 43. Qxb1 Qa4+ 44. Kd2 Rxb1 45. Rxb1 Qa2+ 46. Kc1 Qxf2 47. Rb2 Qg1+ 48. Kc2 Qxg2+ 49. Kb3 Qxg7 50. Rh2 Qg3 51. Rh1 Qg2 0-1

[Event "Glasgow Open"]
[Site "Glasgow"]
[Date "1978.09.22"]
[Round "1"]
[White "Hamilton, Colin J"]
[Black "Walker, Roger H"]
[Result "0-1"]
[WhiteElo "1895"]
[BlackElo "2075"]
[PlyCount "68"]
[EventDate "1978.09.22"]
[EventType "swiss"]
[EventRounds "6"]
[EventCountry "SCO"]
[SourceTitle "BritBase"]
[Source "Alistair Maxwel"]
[SourceDate "2025.11.13"]
[SourceVersion "1"]
[SourceVersionDate "2025.11.13"]
[SourceQuality "1"]

1. c4 Nf6 2. Nc3 d5 3. cxd5 Nxd5 4. g3 g6 5. Bg2 Nxc3 6. bxc3 Bg7 7. Nh3 O-O 8. O-O c5 9. Rb1 Nc6 10. a4 b6 11. Nf4 Bb7 12. Qc2 Qd7 13. Rd1 Rfd8 14. Bh3 Qd6 15. d3 e5 16. Ng2 Ne7 17. Bg5 Re8 18. e4 h6 19. Be3 Nc6 20. Rf1 Rad8 21. Rbd1 Ba6 22. Ne1 c4 23. f4 cxd3 24. Qa2 exf4 25. Rxf4 Ne5 26. Bd4 Qe7 27. Bf1 g5 28. Rf5 Bc8 29. Rf2 Ng4 30. Rxd3 Nxf2 31. Qxf2 Bxd4 32. cxd4 Qxe4 33. Nf3 Ba6 34. Ne5 Rxe5 0-1

[Event "Glasgow Open"]
[Site "Glasgow"]
[Date "1978.09.22"]
[Round "1"]
[White "Blair, J."]
[Black "Walsh, Peter W"]
[Result "1-0"]
[WhiteElo "1785"]
[BlackElo "1865"]
[PlyCount "73"]
[EventDate "1978.09.22"]
[EventType "swiss"]
[EventRounds "6"]
[EventCountry "SCO"]
[SourceTitle "BritBase"]
[Source "Alistair Maxwel"]
[SourceDate "2025.11.13"]
[SourceVersion "1"]
[SourceVersionDate "2025.11.13"]
[SourceQuality "1"]

1. e4 c5 2. Nc3 Nc6 3. f4 e6 4. Nf3 a6 5. a4 Nf6 6. g3 Be7 7. Bg2 d5 8. e5 Nd7 9. O-O O-O 10. Qe2 Nb6 11. b3 Rb8 12. Bb2 Na8 13. Nd1 Nc7 14. Ne3 b5 15. axb5 Rxb5 16. d3 Rb6 17. Nd2 Nd4 18. Qd1 Nf5 19. Nxf5 exf5 20. Bc3 Be6 21. Ba5 Rc6 22. c4 Qa8 23. Nb1 Qb7 24. Qf3 Rd8 25. Nc3 Rb6 26. Bxb6 Qxb6 27. Rfb1 Qc6 28. Ra3 f6 29. Rba1 fxe5 30. fxe5 Qd7 31. cxd5 Bxd5 32. Nxd5 Nxd5 33. Qxd5+ Qxd5 34. Bxd5+ Rxd5 35. e6 Bf6 36. Rxa6 Bxa1 37. Ra8+ 1-0

[Event "Glasgow Open"]
[Site "Glasgow"]
[Date "1978.09.22"]
[Round "1"]
[White "Roberts, Martin P"]
[Black "Cornes, Brendan"]
[Result "0-1"]
[WhiteElo "1770"]
[BlackElo "1845"]
[PlyCount "72"]
[EventDate "1978.09.22"]
[EventType "swiss"]
[EventRounds "6"]
[EventCountry "SCO"]
[SourceTitle "BritBase"]
[Source "Alistair Maxwel"]
[SourceDate "2025.11.13"]
[SourceVersion "1"]
[SourceVersionDate "2025.11.13"]
[SourceQuality "1"]

1. d4 Nf6 2. Nf3 e6 3. c4 c5 4. d5 exd5 5. cxd5 d6 6. Nc3 g6 7. e4 Bg4 8. Qa4+ Bd7 9. Qc2 a6 10. Be2 b5 11. O-O b4 12. Nd1 Bg7 13. Ne3 Qc7 14. Bd2 O-O 15. Bd3 Re8 16. Bxb4 Bb5 17. Bxb5 axb5 18. Bc3 Nxe4 19. Bxg7 Kxg7 20. Rfe1 Nf6 21. g4 Nbd7 22. g5 Nh5 23. b4 Ne5 24. Nxe5 Rxe5 25. h4 Rae8 26. bxc5 dxc5 27. Ng2 Qd6 28. Rxe5 Rxe5 29. Qb2 f6 30. Qxb5 fxg5 31. hxg5 Rxg5 32. Qb7+ Kh6 33. Re1 Nf4 34. Re7 Rxg2+ 35. Kf1 Qf6 36. Rxh7+ Kg5 0-1

[Event "Glasgow Open"]
[Site "Glasgow"]
[Date "1978.09.22"]
[Round "1"]
[White "Hutton, Tom"]
[Black "Sutherland, Allan"]
[Result "0-1"]
[WhiteElo "1755"]
[BlackElo "1835"]
[PlyCount "48"]
[EventDate "1978.09.22"]
[EventType "swiss"]
[EventRounds "6"]
[EventCountry "SCO"]
[SourceTitle "BritBase"]
[Source "Alistair Maxwel"]
[SourceDate "2025.11.13"]
[SourceVersion "1"]
[SourceVersionDate "2025.11.13"]
[SourceQuality "1"]

1. e4 d6 2. d4 Nf6 3. Nc3 g6 4. Bc4 Bg7 5. Qe2 Nc6 6. e5 Nxd4 7. exf6 Nxe2 8. fxg7 Rg8 9. Ngxe2 Rxg7 10. Bh6 Rg8 11. O-O-O c6 12. Rhe1 Qa5 13. Ne4 d5 14. Nf6+ exf6 15. Nd4+ Kd8 16. Bd2 Qc5 17. Bb3 Bd7 18. Be3 Qa5 19. Bd2 Qa6 20. a3 Re8 21. Rxe8+ Kxe8 22. Re1+ Be6 23. Nxe6 fxe6 24. Rxe6+ Kd7 0-1

[Event "Glasgow Open"]
[Site "Glasgow"]
[Date "1978.09.22"]
[Round "1"]
[White "McGowan, Alan"]
[Black "Stirling, Lawrence J"]
[Result "0-1"]
[WhiteElo "1835"]
[BlackElo "1725"]
[PlyCount "104"]
[EventDate "1978.09.22"]
[EventType "swiss"]
[EventRounds "6"]
[EventCountry "SCO"]
[SourceTitle "BritBase"]
[Source "Alistair Maxwel"]
[SourceDate "2025.11.13"]
[SourceVersion "1"]
[SourceVersionDate "2025.11.13"]
[SourceQuality "1"]

1. d4 Nf6 2. Nc3 d5 3. Bg5 e6 4. e4 dxe4 5. Nxe4 Be7 6. Bxf6 Bxf6 7. Nf3 Nc6 8. Nxf6+ Qxf6 9. Bd3 Bd7 10. c3 Ne7 11. Ne5 O-O-O 12. Nxd7 Rxd7 13. Qa4 a6 14. O-O-O Qxf2 15. Rhf1 Qe3+ 16. Kb1 Nc6 17. Bxa6 Qe4+ 18. Bd3 Qxg2 19. Qa8+ Nb8 20. Rde1 Qc6 21. Re5 Qb6 22. a4 c6 23. a5 Qb3 24. Rc5 e5 25. Bf5 exd4 26. cxd4 Kc7 27. Rc3 Qb5 28. Bxd7 Qxf1+ 29. Ka2 Qa6 30. Qxa6 Nxa6 31. Bh3 Rd8 32. Rf3 f6 33. Rg3 g6 34. Re3 f5 35. Re7+ Rd7 36. Rxd7+ Kxd7 37. Kb3 Kd6 38. Kc4 Nc7 39. Bg2 g5 40. b3 Nd5 41. Bh1 g4 42. Kd3 f4 43. Be4 Nf6 44. Bh1 f3 45. Ke3 Kd5 46. h3 h5 47. h4 Ne4 48. Bxf3 gxf3 49. Kxf3 Kxd4 50. Kf4 Nd2 51. Kg5 Kc3 52. Kxh5 Nf3 0-1

[Event "Glasgow Open"]
[Site "Glasgow"]
[Date "1978.09.22"]
[Round "1"]
[White "Gardner, James L"]
[Black "Collins, Sam SCO"]
[Result "1-0"]
[WhiteElo "1815"]
[BlackElo "1685"]
[PlyCount "61"]
[EventDate "1978.09.22"]
[EventType "swiss"]
[EventRounds "6"]
[EventCountry "SCO"]
[SourceTitle "BritBase"]
[Source "Alistair Maxwel"]
[SourceDate "2025.11.13"]
[SourceVersion "1"]
[SourceVersionDate "2025.11.13"]
[SourceQuality "1"]

1. e4 e5 2. Nc3 Nf6 3. f4 d5 4. fxe5 Nxe4 5. Nf3 Bc5 6. d4 Bb4 7. Bd2 Nxd2 8. Qxd2 a6 9. Be2 Bf5 10. O-O O-O 11. Bd3 Be6 12. a3 Be7 13. Ne2 Nc6 14. c3 Na5 15. Bc2 Nc4 16. Qc1 c5 17. b3 Nb6 18. Qe3 Qc7 19. Ng5 Bxg5 20. Qxg5 cxd4 21. Qh4 h6 22. Qxd4 Nd7 23. Rae1 Rac8 24. Rf3 Qxe5 25. Qd3 g6 26. Re3 Qg5 27. Rg3 Qf6 28. Nf4 Kh8 29. Nh5 Qe7 30. Qd4+ f6 31. Rxg6 1-0

[Event "Glasgow Open"]
[Site "Glasgow"]
[Date "1978.09.23"]
[Round "2"]
[White "Moultrie, George B"]
[Black "Pritchett, Craig William"]
[Result "0-1"]
[WhiteElo "2095"]
[BlackElo "2400"]
[PlyCount "84"]
[EventDate "1978.09.22"]
[EventType "swiss"]
[EventRounds "6"]
[EventCountry "SCO"]
[SourceTitle "BritBase"]
[Source "Alistair Maxwel"]
[SourceDate "2025.11.13"]
[SourceVersion "1"]
[SourceVersionDate "2025.11.13"]
[SourceQuality "1"]

1. e4 c5 2. Nf3 e6 3. d4 cxd4 4. Nxd4 Nf6 5. Nc3 d6 6. Be2 Be7 7. O-O O-O 8. f4 Nc6 9. Kh1 a6 10. Bf3 Bd7 11. Be3 Qc7 12. g4 Nxd4 13. Bxd4 Bc6 14. f5 Nd7 15. Bg2 Ne5 16. f6 Bxf6 17. Rxf6 gxf6 18. Qd2 Qe7 19. Qh6 Rfe8 20. Rf1 Qf8 21. Qxf6 Qg7 22. Qf4 f6 23. Bh3 Rf8 24. Rg1 Qg5 25. Qf2 Ng6 26. Be3 Qe5 27. Bg2 b5 28. a3 a5 29. h4 b4 30. Ne2 Bxe4 31. Bd4 Bxg2+ 32. Rxg2 Qe4 33. Kg1 e5 34. Be3 f5 35. Ng3 Qxg4 36. Bg5 Kh8 37. Ne2 Qh5 38. Qb6 Nxh4 39. Qxd6 Nxg2 40. Qxe5+ Kg8 41. Qd5+ Qf7 42. Qxg2 Qg7 0-1

[Event "Glasgow Open"]
[Site "Glasgow"]
[Date "1978.09.23"]
[Round "2"]
[White "Walker, Roger H"]
[Black "McKay, Roderick McIntosh"]
[Result "0-1"]
[WhiteElo "2075"]
[BlackElo "2335"]
[PlyCount "80"]
[EventDate "1978.09.22"]
[EventType "swiss"]
[EventRounds "6"]
[EventCountry "SCO"]
[SourceTitle "BritBase"]
[Source "Alistair Maxwel"]
[SourceDate "2025.11.13"]
[SourceVersion "1"]
[SourceVersionDate "2025.11.13"]
[SourceQuality "1"]

1. d4 d5 2. c4 dxc4 3. e4 c5 4. d5 Nf6 5. Nc3 e6 6. Bxc4 exd5 7. exd5 Bd6 8. Nf3 O-O 9. O-O Nbd7 10. Bg5 Nb6 11. Be2 Re8 12. Qd2 h6 13. Bh4 Bg4 14. Rad1 a6 15. Rfe1 Nbd7 16. Bg3 Qb6 17. Bxd6 Qxd6 18. h3 Bxf3 19. Bxf3 Re5 20. Ne4 Nxe4 21. Rxe4 Rxe4 22. Bxe4 Re8 23. Bf3 Kf8 24. g3 b5 25. Re1 Rxe1+ 26. Qxe1 Ne5 27. Qe4 Qf6 28. Be2 Nd7 29. Bg4 Nb6 30. b3 c4 31. bxc4 Nxc4 32. Qe2 Qe5 33. Qxe5 Nxe5 34. Bc8 a5 35. Ba6 b4 36. f4 Nd7 37. Kf2 Ke7 38. Ke3 Kd6 39. Kd4 Nf6 40. Bc4 Nh5 0-1

[Event "Glasgow Open"]
[Site "Glasgow"]
[Date "1978.09.23"]
[Round "2"]
[White "Condie, Mark L"]
[Black "Morrison, Graham"]
[Result "0-1"]
[WhiteElo "1930"]
[BlackElo "2230"]
[PlyCount "76"]
[EventDate "1978.09.22"]
[EventType "swiss"]
[EventRounds "6"]
[EventCountry "SCO"]
[SourceTitle "BritBase"]
[Source "Alistair Maxwel"]
[SourceDate "2025.11.13"]
[SourceVersion "1"]
[SourceVersionDate "2025.11.13"]
[SourceQuality "1"]

1. e4 c5 2. Nf3 Nc6 3. Nc3 d6 4. Be2 Nf6 5. O-O e6 6. d4 cxd4 7. Nxd4 Be7 8. Be3 O-O 9. Nb3 a6 10. a4 b6 11. f4 Qc7 12. Bf3 Rb8 13. Qe2 Na5 14. Nxa5 bxa5 15. Rab1 Rb4 16. Qd3 Bb7 17. b3 Rc8 18. Bd2 Qc5+ 19. Rf2 Rd4 20. Qe3 Rxd2 21. Qxc5 Rxc5 22. Rxd2 Rxc3 23. b4 Nxe4 24. Bxe4 Bxe4 25. bxa5 Rc8 26. Rb6 Ra8 27. Kh1 d5 28. c3 Bd8 29. Rb7 Bxa5 30. Rdb2 Kf8 31. Rd7 Bxc3 32. Rbb7 f5 33. Rbc7 Bd4 34. h3 h5 35. Kh2 h4 36. Rc6 Rb8 37. Rxe6 Bf2 38. Rg6 Rb1 0-1

[Event "Glasgow Open"]
[Site "Glasgow"]
[Date "1978.09.23"]
[Round "2"]
[White "Buchanan, Walter F"]
[Black "Bradley, C."]
[Result "1/2-1/2"]
[WhiteElo "2155"]
[BlackElo "1855"]
[PlyCount "77"]
[EventDate "1978.09.22"]
[EventType "swiss"]
[EventRounds "6"]
[EventCountry "SCO"]
[SourceTitle "BritBase"]
[Source "Alistair Maxwel"]
[SourceDate "2025.11.13"]
[SourceVersion "1"]
[SourceVersionDate "2025.11.13"]
[SourceQuality "1"]

1. e4 c5 2. Nf3 d6 3. d4 cxd4 4. Nxd4 Nf6 5. Nc3 a6 6. Be2 e6 7. Be3 Be7 8. f4 Nc6 9. O-O Bd7 10. a4 O-O 11. Qe1 Qc7 12. Rd1 Rfd8 13. Qg3 Rac8 14. Kh1 Kh8 15. e5 dxe5 16. fxe5 Qxe5 17. Bf4 Qa5 18. Nb3 Qb6 19. Be3 Qc7 20. Qxc7 Rxc7 21. Bb6 Rcc8 22. Bxd8 Rxd8 23. Bf3 Nb4 24. Rf2 Bc6 25. Rxd8+ Bxd8 26. Bxc6 bxc6 27. Rd2 Nbd5 28. Nxd5 cxd5 29. Nc5 Bb6 30. Nxa6 Ne4 31. Re2 Nf2+ 32. Kg1 Nd3+ 33. Kh1 Nxb2 34. Nb4 g6 35. Nxd5 exd5 36. Re8+ Kg7 37. Re5 d4 38. a5 Nc4 39. Rd5 1/2-1/2

[Event "Glasgow Open"]
[Site "Glasgow"]
[Date "1978.09.23"]
[Round "2"]
[White "Coffey, Anthony"]
[Black "Bryson, Douglas Marshall"]
[Result "1-0"]
[WhiteElo "2060"]
[BlackElo "2100"]
[PlyCount "61"]
[EventDate "1978.09.22"]
[EventType "swiss"]
[EventRounds "6"]
[EventCountry "SCO"]
[SourceTitle "BritBase"]
[Source "Alistair Maxwel"]
[SourceDate "2025.11.13"]
[SourceVersion "1"]
[SourceVersionDate "2025.11.13"]
[SourceQuality "1"]

1. Nf3 Nf6 2. c4 e6 3. g3 d5 4. Bg2 dxc4 5. Qa4+ Nbd7 6. O-O Be7 7. Qxc4 O-O 8. d4 a6 9. Qc2 c5 10. Rd1 cxd4 11. Nxd4 Bc5 12. Nc3 Qc7 13. Na4 e5 14. b4 Bd6 15. Qxc7 Bxc7 16. Nf5 Rb8 17. Bb2 b5 18. Rac1 Bd8 19. Nd6 Be7 20. Nc5 Bxd6 21. Nxd7 Nxd7 22. Rxd6 Nb6 23. Bxe5 Nc4 24. Rd5 Rb6 25. Bd4 Re6 26. Bc5 Rfe8 27. e3 Ne5 28. Rcd1 Bb7 29. Rxe5 Rxe5 30. Bxb7 R5e6 31. Rd7 1-0

[Event "Glasgow Open"]
[Site "Glasgow"]
[Date "1978.09.23"]
[Round "2"]
[White "McDonald, W."]
[Black "Lumsden, James PL"]
[Result "0-1"]
[WhiteElo "1865"]
[BlackElo "2140"]
[PlyCount "48"]
[EventDate "1978.09.22"]
[EventType "swiss"]
[EventRounds "6"]
[EventCountry "SCO"]
[SourceTitle "BritBase"]
[Source "Alistair Maxwel"]
[SourceDate "2025.11.13"]
[SourceVersion "1"]
[SourceVersionDate "2025.11.13"]
[SourceQuality "1"]

1. e4 e5 2. Nf3 Nc6 3. Bc4 Nf6 4. Ng5 d5 5. exd5 b5 6. Bf1 Nd4 7. c3 Nxd5 8. Nxf7 Kxf7 9. cxd4 exd4 10. Qf3+ Nf6 11. Bxb5 Be6 12. Bc6 Rb8 13. h3 Bd6 14. O-O g5 15. Be4 h5 16. Qd3 Nxe4 17. Qxe4 g4 18. Re1 Qf6 19. h4 Rb5 20. Qd3 Rf5 21. Qe2 Bd5 22. g3 Re5 23. Qf1 Qf3 24. Kh2 Rxe1 0-1

[Event "Glasgow Open"]
[Site "Glasgow"]
[Date "1978.09.23"]
[Round "2"]
[White "Norris, Alan J"]
[Black "Sharp, Alan W"]
[Result "1-0"]
[WhiteElo "2135"]
[BlackElo "1840"]
[PlyCount "53"]
[EventDate "1978.09.22"]
[EventType "swiss"]
[EventRounds "6"]
[EventCountry "SCO"]
[SourceTitle "BritBase"]
[Source "Alistair Maxwel"]
[SourceDate "2025.11.13"]
[SourceVersion "1"]
[SourceVersionDate "2025.11.13"]
[SourceQuality "1"]

1. e4 d6 2. d4 Nf6 3. Nc3 g6 4. Bc4 Bg7 5. Qe2 Nc6 6. e5 Nxd4 7. exf6 Nxe2 8. fxg7 Rg8 9. Ngxe2 Rxg7 10. Bh6 Rg8 11. O-O-O Be6 12. Bxe6 fxe6 13. f4 Qd7 14. Rhe1 O-O-O 15. Nd4 e5 16. fxe5 Qg4 17. Nd5 Qh4 18. Bf4 Kb8 19. Ne6 Rd7 20. Ndxc7 Rxc7 21. exd6 Rd7 22. dxe7+ Kc8 23. Bg5 Qg4 24. Rxd7 Kxd7 25. Nf8+ Ke8 26. Nxh7 Kf7 27. e8=Q+ 1-0